La celebrazione del matrimonio cristiano: il tema negli ultimi decenni della teologia cattolica
সংরক্ষণ করুন:
| প্রধান লেখক: | |
|---|---|
| বিন্যাস: | গ্রন্থ |
| ভাষা: | ইতালিয় |
| প্রকাশিত: |
Roma
Liturgiche
1982
|
| মালা: | Bibliotheca Ephemerides Liturgicae, Subsidia, 23
|
| বিষয়গুলি: | |
| ট্যাগগুলো: |
ট্যাগ যুক্ত করুন
কোনো ট্যাগ নেই, প্রথমজন হিসাবে ট্যাগ করুন!
|
MARC
| LEADER | 00000nam a2200000 a 4500 | ||
|---|---|---|---|
| 001 | UCM9318 | ||
| 003 | CL-VaPUC | ||
| 008 | 030417e19820000IT |||||||||||||||||ita|d | ||
| 082 | 0 | 4 | |a 262.933 |b BAR |2 21 |
| 100 | 0 | |a Barberi, Piero |e author |9 475820 | |
| 245 | 1 | 3 | |a La celebrazione del matrimonio cristiano: il tema negli ultimi decenni della teologia cattolica |
| 300 | |a 556 p | ||
| 942 | |c BK | ||
| 945 | |d 20030417 00:00:00 |a cmena | ||
| 260 | |a Roma |b Liturgiche |c 1982 | ||
| 650 | 7 | |a MATRIMONIO |2 CL-VaPUC |9 475821 | |
| 650 | 7 | |a DERECHO CANONICO |2 CL-VaPUC |9 475822 | |
| 650 | 0 | |a Sacramentos |9 257270 | |
| 650 | 0 | |a Teología |9 258766 | |
| 583 | |a last modification |c 20030417 00:00:00 |k Rodrigo Vera | ||
| 490 | 0 | |a Bibliotheca Ephemerides Liturgicae, Subsidia, 23 | |
| 999 | |c 303639 |d 303637 | ||
| 952 | |0 0 |1 0 |4 0 |6 262_933000000000000_BAR_1982 |7 0 |8 A |9 365102 |a BIBDER |b BIBDER |d 2019-11-21 |i 3897311 |o 262.933 BAR 1982 |p 3897311 |r 2023-01-25 |w 2019-11-21 |y BK |k DER | ||